000 00417nam a2200181Ia 4500
001 3429
005 20260306145643.0
008 260306t2007||||xx |||||||||||||| ||spa||
041 _aESP
082 _a276.64
_bF84
100 _aFriedländer, Saul
_eAUT
245 0 _aPío XII e el III Reich
260 _c2007
300 _a253 páginas :
_c23 cm.
650 _aGEN
654 _aCHU
942 _cLIB
_dJUS
_fJUS
_2ddc
_n
999 _c3429
_d3429